Qu'étudie cette discipline ? n°1 - Statistiques

Statistiques générales
  • Ce quiz a été pris 42 907 fois
  • Le résultat moyen est 13 sur 20
Statistiques - réponses
Discipline Objet d'étude % Correct
Neurologie Système nerveux
96%
Linguistique Langage
95%
Botanique Végétaux
95%
Hydrologie Cycle de l'eau
92%
Acoustique Son
85%
Géologie Terre
82%
Cosmologie Univers
82%
Esthétique Beauté
76%
Théologie Dieu
76%
Biologie Vivant
73%
Hematologie Sang
71%
Médiévisme Moyen-âge
69%
Anthropologie Être humain
66%
Arithmétique Nombres
64%
Paléontologie Fossiles
46%
Entomologie Insectes
32%
Sinologie Chine
31%
Métrologie Mesure
21%
Ichtyologie Poissons
18%
Pédologie Sols
11%
Aucun quiz correspondant
Distribution des résultats
% des personnes avec chaque résultat
Percentile par nombre de réponses
Votre historique - résultats
Vous n’avez pas pris ce quiz